000 01075nam a2200361Ia 4500
003 OSt
005 20220912144621.0
006 a|||||r|||| 00| 0
007 ta
008 220909b |||||||| |||| 00| 0 eng d
020 _a9780521709286 (pbk)
020 _aSL01535960
024 _a163227
037 _b2559, 01/12/2011, Educational Book Agency (India)
037 _cTextual
040 _aCSL
_beng
_cCSL
041 _aeng
082 _aL:438, P4;P8;1 cc6
100 _aService Mike
245 0 _aMedical entomology for students
250 _a4
260 _aNew York
_bC U P
_c2008
300 _axv;289p.
500 _aInclude bibliographical references; Appendix 260-262p; Glossary 263-275p; Index 277-289p
650 _a Entomology
650 _a Entomology study
650 _a Medical entomology
650 _a Mites study
650 _aZoology
700 _aService Mike
942 _hL:438, P4;P8;1 cc6
_cTEXL
_2CC
999 _c13711
_d13711